Biblioteca y Centro de Documentación

Trends in international migration (Registro nro. 14708)

Detalles MARC
000 -CABECERA
Longitud fija campo de control 01369nam a2200349 c 4500
001 - NÚMERO DE CONTROL
Número de control 14708
003 - IDENTIFICADOR DE NÚMERO DE CONTROL
Identificador del número de control ES-MaCES
005 - FECHA Y HORA DE LA ÚLTIMA TRANSACCIÓN
Fecha y hora de la última transacción 20190511040013.0
008 - CAMPO FIJO DE DESCRIPCIÓN FIJA--INFORMACIÓN GENERAL
Códigos de información de longitud fija   030317s2003 fr d i000 | eng d
020 ## - ISBN (INTERNATIONAL STANDARD BOOK NUMBER)
Número Internacional Normalizado para Libros (ISBN) 9264199497
035 ## - NÚMERO DE CONTROL DEL SISTEMA
Número de control del sistema CES20030002529m
040 ## - FUENTE DE CATALOGACIÓN
Centro catalogador de origen ES-MaCES
Lengua de catalogación spa
Centro transcriptor ES-MaCES
245 00 - MENCIÓN DE TÍTULO
Título Trends in international migration
Resto del título : SOPEMI : Continuous Reporting System on Migration : annual report 2002
250 ## - MENCIÓN DE EDICIÓN
Mención de edición Ed. 2002
260 ## - PUBLICACIÓN, DISTRIBUCIÓN, ETC (PIE DE IMPRENTA)
Lugar de publicación, distribución, etc. Paris
Nombre del editor, distribuidor, etc. OECD
Fecha de publicación, distribución, etc. [2003]
300 ## - DESCRIPCIÓN FÍSICA
Extensión 372 p.
Otras características físicas graf. col.
Dimensiones 27 cm
500 ## - NOTA GENERAL
Nota general Publicado simmultáneamente en francés bajo el tit.: Tendances des migrations internationales 2002
541 ## - NOTA DE LA FUENTE INMEDIANTE DE ADQUISICIÓN
Forma de adquisición Compra
650 #4 - ASIENTO SECUNDARIO DE MATERIA--TÉRMINO DE MATERIA
Término de materia o nombre geográfico como elemento inicial migración internacional
9 (RLIN) 29805
650 #4 - ASIENTO SECUNDARIO DE MATERIA--TÉRMINO DE MATERIA
Término de materia o nombre geográfico como elemento inicial política migratoria
9 (RLIN) 29183
650 #4 - ASIENTO SECUNDARIO DE MATERIA--TÉRMINO DE MATERIA
Término de materia o nombre geográfico como elemento inicial tendencia
9 (RLIN) 28907
650 #4 - ASIENTO SECUNDARIO DE MATERIA--TÉRMINO DE MATERIA
Término de materia o nombre geográfico como elemento inicial 2002
9 (RLIN) 36519
653 10 - TÉRMINO DE INDEXACIÓN--NO CONTROLADO
Término no controlado Ciencias Sociales-Políticas
710 2# - ENCABEZAMIENTO SECUNDARIO--NOMBRE CORPORATIVO
Nombre de entidad o nombre de jurisdicción como elemento inicial Organización de Cooperación y Desarrollo Económico
Término indicativo de función ed.
9 (RLIN) 4694
710 2# - ENCABEZAMIENTO SECUNDARIO--NOMBRE CORPORATIVO
Nombre de entidad o nombre de jurisdicción como elemento inicial Organización de Cooperación y Desarrollo Económico
Unidad subordinada Sistema de Observación Permanente de las Migraciones
9 (RLIN) 4706
740 02 - ENCABEZAMIENTO SECUNDARIO--TÍTULO ANALÍTICO/RELACIONADO NO CONTROLADO
Título relacionado o analítico no controlado Tendances des migrations internationales 2002
787 0# - ENTRADA DE OTRAS ESPECIFICACIONES
Título Trends in international migration
Número de control del registro relacionado (ES-MaCES)16160
787 0# - ENTRADA DE OTRAS ESPECIFICACIONES
Título Tendances des migrations internationales
Número de control del registro relacionado (ES-MaCES)13450
902 ## - CES. TIPO DE DOCUMENTO
Tipodoc (006$c Sirtex) LIB Libro
942 ## - ELEMENTOS KOHA
Fuente de clasificaión o esquema Clasificación propia del CES
Koha [por defecto] tipo de item Monografías
Parte de clasificación 7.0.
Existencias
Número de registro Signatura completa Tipo de item de Koha
050812 DPT-10715 Monografías
© CES, Consejo Económico y Social de España 2021